[Event "Landesliga Sued 1516"]
[Site "Bayern"]
[Date "2016.04.10"]
[Round "9.8"]
[White "Mayer, Jonas"]
[Black "Schreiner, Richard"]
[Result "1/2-1/2"]
[WhiteElo "1887"]
[BlackElo "2088"]
[PlyCount "185"]
[EventDate "2015.10.11"]
[EventType "team-tourn"]
[EventRounds "9"]
[EventCountry "GER"]
[SourceTitle "EXT 2018"]
[Source "ChessBase"]
[SourceDate "2017.10.13"]
[SourceVersion "1"]
[SourceVersionDate "2017.10.13"]
[SourceQuality "1"]
[WhiteTeam "Rottal"]
[BlackTeam "Garching II"]
[WhiteTeamCountry "GER"]
[BlackTeamCountry "GER"]

1. d4 Nf6 2. c4 e6 3. Nc3 Bb4 4. e3 d5 5. Nf3 0-0 6. Bd3 c5 7. 0-0 Nc6 8. a3 cxd4 9. exd4 dxc4 10. Bxc4 Bxc3 11. bxc3 Qc7 12. Qe2 Na5 13. Bd3 Nb3 14. Rb1 Nxc1 15. Rfxc1 b6 16. c4 Bb7 17. c5 Rac8 18. Ne5 bxc5 19. dxc5 Bd5 20. Rb4 h6 21. Qe3 Qe7 22. Bb1 Rfd8 23. h3 Rc7 24. Ng4 Nxg4 25. Rxg4 Kf8 26. Qg3 f5 27. Rg6 Rdc8 28. Kh2 Rxc5 29. Rxc5 Rxc5 30. Qb8+ Kf7 31. Rg3 Qc7 32. Qh8 Qe5 33. f4 Qf6 34. Bd3 Bc4 35. Bc2 Be2 36. Ba4 Bb5 37. Bd1 g5 38. Bh5+ Ke7 39. Qh7+ Kd6 40. Qxa7 gxf4 41. Qb8+ Rc7 42. Rb3 Bc6 43. Be8 Qe5 44. Qb4+ Qc5 45. Rd3+ Bd5 46. Qxf4+ Ke7 47. Bh5 Qd6 48. Qxd6+ Kxd6 49. Bf3 Ke5 50. Kg3 Rc2 51. Re3+ Kd4 52. Re2 Rc3 53. Rd2+ Ke5 54. a4 Ra3 55. Re2+ Kf6 56. Kf2 Bxf3 57. gxf3 e5 58. h4 Rxa4 59. Kg3 Ra3 60. Kg2 f4 61. Rb2 Kf5 62. Rc2 Ra6 63. Rb2 Rg6+ 64. Kh2 Rg3 65. Rb3 h5 66. Ra3 Ke6 67. Ra6+ Kd5 68. Ra5+ Kd4 69. Ra3 Rg6 70. Ra4+ Ke3 71. Re4+ Kxf3 72. Rxe5 Kf2 73. Rxh5 Rg4 74. Kh3 Rg3+ 75. Kh2 Re3 76. Rf5 f3 77. h5 Re4 78. Kh3 Re1 79. Kg4 Rg1+ 80. Kh4 Ke2 81. Re5+ Kf1 82. Rg5 f2 83. Re5 Kg2 84. Rg5+ Kf3 85. Rf5+ Ke3 86. h6 f1Q 87. Rxf1 Rxf1 88. Kg5 Ke4 89. h7 Rh1 90. Kg6 Ke5 91. Kg7 Rg1+ 92. Kf7 Rf1+ 93. Kg7 1/2-1/2